| 000 | 00665cam a22002417i 4500 | ||
|---|---|---|---|
| 001 | 17839121 | ||
| 005 | 20180316043223.0 | ||
| 008 | 130803t20112011xx a b 001 0 eng | ||
| 010 | _a 2013431414 | ||
| 020 | _a9781934920510 (pbk.) | ||
| 040 |
_aDLC _beng _cDLC _erda |
||
| 041 | _aeng | ||
| 042 | _apcc | ||
| 080 | _a37 hic | ||
| 082 | _237 hic | ||
| 100 | _a25 | ||
| 101 | _aedu | ||
| 245 | 0 | 0 |
_aEnglish composition / _c[Editorial Board]. |
| 504 | _aIncludes bibliographical references (page R-3) and index. | ||
| 906 |
_a7 _bcbc _corignew _d4 _encip _f20 _gy-gencatlg |
||
| 942 |
_2ddc _cBK |
||
| 999 |
_c45197 _d45197 |
||